[Event "Djenovici TS04 IM 3rd+"]
[Site "Djenovici"]
[Date "2019.04.20"]
[Round "1"]
[White "Milanovic, Slavisa"]
[Black "Malinarski, Yehuda"]
[Result "1-0"]
[WhiteElo "2369"]
[BlackElo "2053"]
[PlyCount "65"]
[EventDate "2019.04.20"]
[EventType "tourn"]
[EventRounds "9"]
[EventCountry "MNE"]
[SourceTitle "CBM 190 Extra"]
[Source "ChessBase"]
[SourceDate "2019.07.15"]
[SourceVersion "1"]
[SourceVersionDate "2019.07.15"]
[SourceQuality "1"]

1. c4 Nf6 2. Nc3 g6 3. e4 d6 4. d4 Bg7 5. h3 Nc6 6. Nf3 0-0 7. d5 Ne5 8. Nxe5 dxe5 9. Be2 e6 10. Be3 exd5 11. cxd5 a5 12. 0-0 c6 13. dxc6 bxc6 14. Qa4 Bd7 15. Bc5 Re8 16. Rfd1 Qc8 17. Rac1 Qb7 18. Qc2 Be6 19. b3 Rad8 20. Na4 Rxd1+ 21. Rxd1 Nd7 22. Bd6 h5 23. Qc3 Qa8 24. Bc7 c5 25. Bb5 Rc8 26. Qxa5 Qb7 27. Bxd7 Rxc7 28. Bxe6 fxe6 29. Nxc5 Qc6 30. Nxe6 Re7 31. Qd8+ Re8 32. Qxe8+ Qxe8 33. Rd8 1-0

[Event "Prague Holiday M21"]
[Site "Prague"]
[Date "2017.07.28"]
[Round "9"]
[White "Malinarski, Yehuda"]
[Black "Hentzgen, Thomas"]
[Result "1/2-1/2"]
[WhiteElo "2081"]
[BlackElo "2015"]
[PlyCount "40"]
[EventDate "2017.07.23"]
[EventType "tourn"]
[EventRounds "9"]
[EventCountry "CZE"]
[SourceTitle "EXT 2023"]
[Source "ChessBase"]
[SourceDate "2022.10.05"]
[SourceVersion "1"]
[SourceVersionDate "2022.10.05"]
[SourceQuality "1"]

1. e4 c5 2. Nf3 Nc6 3. d4 cxd4 4. Nxd4 Nf6 5. Nc3 e5 6. Ndb5 d6 7. Bg5 a6 8. Bxf6 gxf6 9. Na3 b5 10. Nd5 Bg7 11. c3 f5 12. exf5 Bxf5 13. Nc2 0-0 14. Nce3 Be6 15. g4 Rb8 16. Bg2 Ne7 17. 0-0 Nxd5 18. Bxd5 Bh6 19. Qf3 Qh4 20. Nf5 Bxd5 1/2-1/2

[Event "Prague Holiday M21"]
[Site "Prague"]
[Date "2017.07.25"]
[Round "4"]
[White "Malinarski, Yehuda"]
[Black "Vojta, Tomas"]
[Result "0-1"]
[WhiteElo "2081"]
[BlackElo "2367"]
[PlyCount "96"]
[EventDate "2017.07.23"]
[EventType "tourn"]
[EventRounds "9"]
[EventCountry "CZE"]
[SourceTitle "EXT 2023"]
[Source "ChessBase"]
[SourceDate "2022.10.05"]
[SourceVersion "1"]
[SourceVersionDate "2022.10.05"]
[SourceQuality "1"]

1. e4 d5 2. exd5 Nf6 3. d4 Bg4 4. Qd3 Qxd5 5. Nc3 Qd7 6. a3 e6 7. Nf3 Nc6 8. Be3 Bxf3 9. gxf3 0-0-0 10. 0-0-0 Kb8 11. Kb1 g6 12. Ne4 Be7 13. Be2 e5 14. Nxf6 Bxf6 15. d5 Nd4 16. c3 Nxe2 17. Qxe2 Rhe8 18. Ka2 Qf5 19. Qc4 Qxf3 20. d6 cxd6 21. Qxf7 Re7 22. Qd5 Qxd5+ 23. Rxd5 b6 24. Rhd1 Kc7 25. c4 Rf7 26. b4 Be7 27. Kb3 g5 28. a4 Rf3 29. a5 g4 30. Ka4 Kc6 31. b5+ Kc7 32. Rg1 h5 33. Kb4 Bh4 34. Rd2 Be7 35. Rd5 Rdf8 36. Ra1 Rb8 37. Rg1 Rh3 38. Rg2 Kd7 39. a6 Ke6 40. Rg3 Rxh2 41. f4 Re2 42. Bd2 Rf8 43. fxe5 dxe5+ 44. Kc3 Rf3+ 45. Rd3 e4 46. Rgxf3 gxf3 47. Re3 Bf6+ 48. Kc2 Rxd2+ 0-1

[Event "SRB Central-ch op-A 9th"]
[Site "Paracin"]
[Date "2016.07.07"]
[Round "1"]
[White "Ardeleanu, Alin"]
[Black "Malinarski, Yehuda"]
[Result "1-0"]
[WhiteElo "2338"]
[BlackElo "2104"]
[PlyCount "47"]
[EventDate "2016.07.07"]
[EventType "swiss"]
[EventRounds "9"]
[EventCountry "SRB"]
[SourceTitle "CBM 173 Extra"]
[Source "ChessBase"]
[SourceDate "2016.08.29"]
[SourceVersion "1"]
[SourceVersionDate "2016.08.29"]
[SourceQuality "1"]

1. e4 c5 2. Nf3 e6 3. b3 Nf6 4. e5 Nd5 5. c4 Nb4 6. a3 N4c6 7. Bb2 Be7 8. g3 0-0 9. Bg2 f5 10. Nc3 a6 11. Ne2 b5 12. 0-0 bxc4 13. bxc4 a5 14. Nc3 g5 15. Nb5 g4 16. Ne1 Ra6 17. Nd3 Rb6 18. Bc3 Ba6 19. Rb1 Qc8 20. Qa4 Bb7 21. Nd6 Rxb1 22. Nxc8 Rxf1+ 23. Kxf1 Rxc8 24. h3 1-0

[Event "Prague Holiday M11"]
[Site "Prague"]
[Date "2014.07.21"]
[Round "3"]
[White "Krivanek, Vladimir"]
[Black "Malinarski, Yehuda"]
[Result "0-1"]
[WhiteElo "2183"]
[BlackElo "2067"]
[PlyCount "54"]
[EventDate "2014.07.20"]
[EventType "tourn"]
[EventRounds "9"]
[EventCountry "CZE"]
[SourceTitle "EXT 2023"]
[Source "ChessBase"]
[SourceDate "2022.10.05"]
[SourceVersion "1"]
[SourceVersionDate "2022.10.05"]
[SourceQuality "1"]

1. d4 Nf6 2. Nc3 g6 3. e4 d6 4. f3 Bg7 5. Bg5 h6 6. Be3 c6 7. a4 Qa5 8. Nge2 Na6 9. Nc1 Nb4 10. Nb3 Qc7 11. a5 0-0 12. Ra4 Na6 13. Bxa6 bxa6 14. 0-0 Be6 15. d5 cxd5 16. exd5 Bd7 17. Rb4 Rab8 18. Rxb8 Rxb8 19. Re1 Bb5 20. Qd2 h5 21. Qf2 Rb7 22. Bd4 Bc4 23. Qe3 Bxb3 24. cxb3 Qxa5 25. Bxf6 Bxf6 26. Ne4 Bd4 27. Qxd4 Qxe1# 0-1

[Event "Budapest FS10 IM-B"]
[Site "Budapest"]
[Date "2009.10.07"]
[Round "5"]
[White "Boguszlavszkij, Jevgenyij"]
[Black "Malinarski, Yehuda"]
[Result "1/2-1/2"]
[WhiteElo "2256"]
[BlackElo "2098"]
[PlyCount "69"]
[EventDate "2009.10.03"]
[EventType "tourn"]
[EventRounds "9"]
[EventCountry "HUN"]
[EventCategory "1"]
[SourceTitle "CBM 132 Extra"]
[Source "ChessBase"]
[SourceDate "2009.11.03"]
[SourceVersion "1"]
[SourceVersionDate "2009.11.03"]
[SourceQuality "1"]

1. g3 Nf6 2. Bg2 c5 3. e4 d6 4. Ne2 g6 5. 0-0 Bg7 6. d4 cxd4 7. Nxd4 0-0 8. Nc3 a6 9. a4 h6 10. Nd5 Nxd5 11. exd5 Nd7 12. Ra2 Nf6 13. h3 e5 14. dxe6 fxe6 15. c4 e5 16. Nc2 Qc7 17. b3 Be6 18. Ne3 Kh7 19. Rd2 Rfd8 20. Ba3 Bf8 21. Qf3 Be7 22. Rfd1 Ne8 23. Nd5 Bxd5 24. Rxd5 Kg7 25. R5d3 Rab8 26. Qd5 Qc8 27. Qf3 Qc7 28. Qg4 Qc8 29. Qe2 Qc7 30. Bb2 Bf6 31. Be4 b5 32. axb5 axb5 33. Qg4 Qf7 34. f4 h5 35. Qf3 1/2-1/2

[Event "Budapest FS10 IM-B"]
[Site "Budapest"]
[Date "2009.10.05"]
[Round "3"]
[White "Malinarski, Yehuda"]
[Black "Farago, Sandor"]
[Result "0-1"]
[WhiteElo "2098"]
[BlackElo "2236"]
[PlyCount "88"]
[EventDate "2009.10.03"]
[EventType "tourn"]
[EventRounds "9"]
[EventCountry "HUN"]
[EventCategory "1"]
[SourceTitle "CBM 132 Extra"]
[Source "ChessBase"]
[SourceDate "2009.11.03"]
[SourceVersion "1"]
[SourceVersionDate "2009.11.03"]
[SourceQuality "1"]

1. e4 c5 2. Nf3 d6 3. d4 cxd4 4. Nxd4 Nf6 5. Nc3 a6 6. Be3 b5 7. a4 b4 8. Nd5 Bb7 9. Nxf6+ gxf6 10. f3 e6 11. Bc4 Qc8 12. Qe2 Nd7 13. 0-0 h5 14. Rad1 Be7 15. Rfe1 Nc5 16. b3 Qc7 17. Qd2 Qa5 18. Qf2 h4 19. Bf1 0-0-0 20. Rb1 f5 21. exf5 e5 22. f6 Bxf6 23. Nf5 Ne6 24. Bb6 Qd5 25. Bxd8 Rxd8 26. Bc4 Qc6 27. Bxe6+ fxe6 28. Nxh4 Rh8 29. Re4 d5 30. Rg4 Qc3 31. Ng6 e4 32. Qe1 Qc5+ 33. Kh1 Rh7 34. fxe4 dxe4 35. Nf4 Kb8 36. Rd1 Be5 37. Rd8+ Ka7 38. Qg1 e3 39. Qd1 Qc6 40. Qe2 Bc7 41. Rd3 Bb6 42. Ng6 Qc5 43. h4 a5 44. Rg3 Be4 0-1

[Event "Varna op 3rd"]
[Site "Varna"]
[Date "2009.06.16"]
[Round "5"]
[White "Malinarski, Yehuda"]
[Black "Fedoseev, Vladimir1111"]
[Result "0-1"]
[WhiteElo "2101"]
[BlackElo "2318"]
[PlyCount "80"]
[EventDate "2009.06.12"]
[EventType "swiss"]
[EventRounds "9"]
[EventCountry "BUL"]
[SourceTitle "CBM 130 Extra"]
[Source "ChessBase"]
[SourceDate "2009.07.02"]
[SourceVersion "2"]
[SourceVersionDate "2009.07.15"]
[SourceQuality "1"]

1. e4 c5 2. Nf3 d6 3. d4 Nf6 4. Nc3 cxd4 5. Nxd4 Bd7 6. Bc4 Nc6 7. 0-0 e6 8. Bg5 a5 9. a4 Be7 10. Kh1 Rc8 11. Nxc6 Bxc6 12. Bd3 Nxe4 13. Bxe4 Bxg5 14. Bxc6+ Rxc6 15. f4 Bf6 16. Ne4 0-0 17. c3 Be7 18. f5 d5 19. Ng3 e5 20. Qe2 Rh6 21. Rad1 Bd6 22. f6 Rxf6 23. Rxd5 Rxf1+ 24. Qxf1 Qb6 25. Qd1 Bb8 26. b4 g6 27. Qd2 Qc6 28. bxa5 f5 29. Rd8 Bc7 30. Rd7 Rf7 31. Rd5 e4 32. Qd4 Qf6 33. Qc4 Be5 34. Ne2 Kg7 35. g3 Rc7 36. Rc5 Rxc5 37. Qxc5 Qd6 38. Nd4 Qxc5 39. Ne6+ Kf6 40. Nxc5 Bxc3 0-1

[Event "Hoogeveen Essent op"]
[Site "Hoogeveen"]
[Date "2006.10.24"]
[Round "5"]
[White "Goudriaan, Etienne"]
[Black "Malinarski, Yehuda"]
[Result "1/2-1/2"]
[WhiteElo "2065"]
[BlackElo "2126"]
[PlyCount "35"]
[EventDate "2006.10.21"]
[EventType "swiss"]
[EventRounds "9"]
[EventCountry "NED"]
[SourceTitle "EXT 2007"]
[Source "ChessBase"]
[SourceDate "2006.11.23"]
[SourceVersion "1"]
[SourceVersionDate "2006.11.23"]
[SourceQuality "1"]

1. d4 Nf6 2. Nf3 e6 3. c4 b6 4. g3 Ba6 5. b3 d5 6. Bg2 Be7 7. 0-0 0-0 8. Nbd2 Bb7 9. Ne5 Nbd7 10. Nxd7 Qxd7 11. Qc2 Rfd8 12. Bb2 c5 13. cxd5 Nxd5 14. dxc5 Bxc5 15. Qe4 f5 16. Qe5 Bd6 17. Qd4 Bc5 18. Qe5 1/2-1/2

[Event "Budapest FS09 FM-A"]
[Site "Budapest"]
[Date "2005.09.11"]
[Round "9"]
[White "Malinarski, Yehuda"]
[Black "Mako, Zoltan"]
[Result "1/2-1/2"]
[WhiteElo "2120"]
[BlackElo "2072"]
[PlyCount "55"]
[EventDate "2005.09.03"]
[EventType "tourn"]
[EventRounds "9"]
[EventCountry "HUN"]
[SourceTitle "CBM 108 Extra"]
[Source "ChessBase"]
[SourceDate "2005.11.04"]
[SourceVersion "1"]
[SourceVersionDate "2005.11.04"]
[SourceQuality "1"]

1. e4 d6 2. d4 g6 3. c4 Bg7 4. Nc3 Nf6 5. f3 0-0 6. Be3 c6 7. Qd2 Re8 8. 0-0-0 a6 9. g4 b5 10. Bh6 Bh8 11. h4 Qa5 12. Kb1 b4 13. Nce2 e5 14. dxe5 dxe5 15. Ng3 Ra7 16. Qc2 Rd7 17. Rxd7 Nbxd7 18. Nh3 b3 19. axb3 Qe1+ 20. Ka2 Qxg3 21. Qe2 Bg7 22. Be3 Qxh4 23. Bg5 Qg3 24. Rg1 Qxg1 25. Nxg1 c5 26. Qh2 Nb6 27. Bh6 Bh8 28. Ne2 1/2-1/2

[Event "Budapest FS09 FM-A"]
[Site "Budapest"]
[Date "2005.09.10"]
[Round "8"]
[White "Havaskori, Laszlo"]
[Black "Malinarski, Yehuda"]
[Result "1/2-1/2"]
[WhiteElo "2046"]
[BlackElo "2120"]
[PlyCount "69"]
[EventDate "2005.09.03"]
[EventType "tourn"]
[EventRounds "9"]
[EventCountry "HUN"]
[SourceTitle "CBM 108 Extra"]
[Source "ChessBase"]
[SourceDate "2005.11.04"]
[SourceVersion "1"]
[SourceVersionDate "2005.11.04"]
[SourceQuality "1"]

1. d4 d5 2. Nf3 Nf6 3. c4 e6 4. Nc3 c6 5. e3 dxc4 6. Bxc4 b5 7. Bd3 a6 8. 0-0 Bb7 9. a3 c5 10. dxc5 Bxc5 11. b4 Be7 12. Bb2 Nbd7 13. Qe2 0-0 14. Rfd1 Qb6 15. e4 Rfd8 16. e5 Nd5 17. Nxd5 Bxd5 18. Nd2 Nf8 19. Ne4 Ng6 20. g3 Rac8 21. Rdc1 Ba8 22. Rxc8 Rxc8 23. h4 h5 24. Re1 Rd8 25. Bb1 a5 26. bxa5 Qxa5 27. Nd6 Nf8 28. Rd1 b4 29. axb4 Qxb4 30. Rd4 Qb8 31. Be4 Bxe4 32. Nxe4 Rxd4 33. Bxd4 Qb7 34. Qe3 Nd7 35. Kf1 1/2-1/2

[Event "Hoogeveen Essent op"]
[Site "Hoogeveen"]
[Date "2003.10.14"]
[Round "5"]
[White "Malinarski, Yehuda"]
[Black "Van der Veen, Jan"]
[Result "1-0"]
[WhiteElo "2180"]
[BlackElo "2118"]
[PlyCount "53"]
[EventDate "2003.10.10"]
[EventType "swiss"]
[EventRounds "9"]
[EventCountry "NED"]
[SourceTitle "CBM 096 Extra"]
[Source "ChessBase"]
[SourceDate "2003.10.22"]
[SourceVersion "2"]
[SourceVersionDate "2003.10.20"]
[SourceQuality "1"]

1. e4 e5 2. Nf3 Nc6 3. d4 exd4 4. Nxd4 Nf6 5. Nxc6 bxc6 6. e5 Qe7 7. Qe2 Nd5 8. c4 Nb6 9. Nc3 Ba6 10. b3 0-0-0 11. f4 f6 12. Bb2 fxe5 13. Qxe5 Qxe5+ 14. fxe5 Re8 15. 0-0-0 Rxe5 16. a4 Rg5 17. g3 Bb4 18. Ne4 Rg6 19. Bh3 Rf8 20. a5 Bxa5 21. Nc5 Bb7 22. Rhf1 Rxf1 23. Rxf1 Kb8 24. Rf8+ Bc8 25. Nxd7+ Kb7 26. Nc5+ Kb8 27. Bf5 1-0

[Event "Hoogeveen Essent op"]
[Site "Hoogeveen"]
[Date "2003.10.12"]
[Round "3"]
[White "Malinarski, Yehuda"]
[Black "Van Geffen, Ben"]
[Result "0-1"]
[WhiteElo "2180"]
[BlackElo "2150"]
[PlyCount "66"]
[EventDate "2003.10.10"]
[EventType "swiss"]
[EventRounds "9"]
[EventCountry "NED"]
[SourceTitle "CBM 096 Extra"]
[Source "ChessBase"]
[SourceDate "2003.10.22"]
[SourceVersion "2"]
[SourceVersionDate "2003.10.20"]
[SourceQuality "1"]

1. e4 e5 2. Nf3 Nc6 3. d4 exd4 4. Nxd4 Bc5 5. Be3 Qf6 6. c3 Nge7 7. Bc4 b6 8. 0-0 Bb7 9. f4 0-0-0 10. e5 Qh6 11. Qe2 Bxd4 12. cxd4 Nf5 13. d5 Nxe5 14. fxe5 Qxe3+ 15. Rf2 Rde8 16. Nc3 Rxe5 17. Qf1 Nd6 18. Be2 Ne4 19. Nxe4 Rxe4 20. Bf3 Re5 21. Qc4 Qc5 22. Qd3 Rhe8 23. g3 Bxd5 24. Bxd5 Rxd5 25. Qxh7 Rd2 26. Raf1 Ree2 27. Qg8+ Kb7 28. Qxf7 Rxb2 29. Qf3+ d5 30. Kg2 Rxf2+ 31. Rxf2 Qxf2+ 32. Qxf2 Rxf2+ 33. Kxf2 Kc6 0-1

[Event "Gibraltar Masters"]
[Site "Catalan Bay"]
[Date "2003.02.04"]
[Round "8"]
[White "Malinarski, Yehuda"]
[Black "Young, Melvyn Jack"]
[Result "1/2-1/2"]
[WhiteElo "2199"]
[BlackElo "1990"]
[PlyCount "50"]
[EventDate "2003.01.28"]
[EventType "swiss"]
[EventRounds "10"]
[EventCountry "ENG"]
[SourceTitle "CBM 092 Extra"]
[Source "ChessBase"]
[SourceDate "2003.03.07"]
[SourceVersion "1"]
[SourceVersionDate "2003.03.07"]
[SourceQuality "1"]

1. e4 Nf6 2. e5 Nd5 3. d4 d6 4. Nf3 dxe5 5. Nxe5 g6 6. Bc4 c6 7. h4 Nd7 8. Nc3 Nxe5 9. dxe5 Be6 10. Nxd5 Bxd5 11. Bxd5 Qxd5 12. Qxd5 cxd5 13. Be3 e6 14. 0-0-0 h5 15. Rd3 Be7 16. Rh3 0-0 17. Rc3 Rfc8 18. Rxc8+ Rxc8 19. Bxa7 Ra8 20. Bd4 Ra4 21. c3 Rxa2 22. Kb1 Ra8 23. Rh1 Kf8 24. Kc2 Ke8 25. g3 Kd7 1/2-1/2

[Event "Groningen op"]
[Site "Groningen"]
[Date "1998.12.24"]
[Round "5"]
[White "Malinarski, Yehuda"]
[Black "Visser, Yge"]
[Result "1/2-1/2"]
[WhiteElo "2265"]
[BlackElo "2370"]
[PlyCount "84"]
[EventDate "1998.12.??"]
[EventType "swiss"]
[EventRounds "11"]
[EventCountry "NED"]
[SourceTitle "EXT 2000"]
[Source "ChessBase"]
[SourceDate "1999.11.16"]
[SourceVersion "1"]
[SourceVersionDate "1999.11.16"]
[SourceQuality "1"]

1. e4 e6 2. d4 d5 3. Nd2 Nf6 4. e5 Nfd7 5. Bd3 c5 6. c3 Nc6 7. Ne2 cxd4 8. cxd4 f6 9. exf6 Qxf6 10. 0-0 Bd6 11. Nf3 h6 12. Ng3 0-0 13. Nh5 Qf7 14. Nh4 Ne7 15. f4 Nf5 16. Bxf5 exf5 17. Ng3 Nf6 18. Nhxf5 Bc7 19. a4 Ne4 20. Nxe4 Bxf5 21. Nc5 Bd6 22. Nd3 Rac8 23. Ne5 Qc7 24. Be3 Qb6 25. Rf2 Rc7 26. h3 Rfc8 27. Qh5 Be4 28. Qg4 Bxe5 29. fxe5 Qg6 30. Qxg6 Bxg6 31. Bd2 Rf7 32. Rxf7 Kxf7 33. Rc1 Rxc1+ 34. Bxc1 Bc2 35. a5 h5 36. Kf2 Ke6 37. g4 hxg4 38. hxg4 Be4 39. Ke3 a6 40. Bd2 Bg6 41. Bb4 Bc2 42. Kf4 Be4 1/2-1/2

[Event "Arnold Cup"]
[Site "Gausdal"]
[Date "1997.??.??"]
[Round "6"]
[White "Gronn, Atle"]
[Black "Malinarski, Yehuda"]
[Result "1/2-1/2"]
[WhiteElo "2310"]
[BlackElo "2250"]
[PlyCount "68"]
[EventDate "1997.04.??"]
[EventType "swiss"]
[EventRounds "9"]
[EventCountry "NOR"]
[SourceTitle "EXT 1998"]
[Source "ChessBase"]
[SourceDate "1997.11.17"]
[SourceVersion "1"]
[SourceVersionDate "1997.11.17"]
[SourceQuality "1"]

1. g3 Nf6 2. Bg2 g6 3. d4 d6 4. Nc3 Bg7 5. e4 0-0 6. Nge2 e5 7. h3 Nfd7 8. 0-0 Nc6 9. Be3 Nb6 10. b3 f5 11. dxe5 Nxe5 12. exf5 Bxf5 13. Nd4 Bd7 14. f4 c5 15. Nde2 Nf7 16. Qd2 Re8 17. Rae1 Qc8 18. g4 Bc6 19. Bf2 Bxg2 20. Kxg2 Qc6+ 21. Kh2 d5 22. Ng3 d4 23. Nce4 Nd5 24. Bg1 Qc7 25. c4 Nf6 26. Nxf6+ Bxf6 27. Ne4 Bg7 28. Bf2 Qc6 29. Qd3 Nd6 30. Nxd6 Qxd6 31. Bg3 Qc6 32. Rxe8+ Rxe8 33. Re1 Rxe1 34. Bxe1 Qe6 1/2-1/2

[Event "Arnold Cup"]
[Site "Gausdal"]
[Date "1997.??.??"]
[Round "2"]
[White "Malinarski, Yehuda"]
[Black "Sahl, Bjarke"]
[Result "1/2-1/2"]
[WhiteElo "2250"]
[BlackElo "2430"]
[PlyCount "35"]
[EventDate "1997.04.??"]
[EventType "swiss"]
[EventRounds "9"]
[EventCountry "NOR"]
[SourceTitle "EXT 1998"]
[Source "ChessBase"]
[SourceDate "1997.11.17"]
[SourceVersion "1"]
[SourceVersionDate "1997.11.17"]
[SourceQuality "1"]

1. e4 d6 2. d4 g6 3. Nc3 Bg7 4. f4 Nf6 5. Nf3 0-0 6. Be3 Na6 7. Qd2 c5 8. 0-0-0 Bg4 9. Be2 cxd4 10. Bxd4 Nc5 11. e5 Nh5 12. exd6 Qxd6 13. Bxg7 Kxg7 14. Qxd6 exd6 15. g3 Rfe8 16. Nd4 Nf6 17. Rhe1 a6 18. Bf3 1/2-1/2